000 01016nam a2200277Ia 4500
003 OSt
005 20221005110355.0
006 a|||||r|||| 00| 0
007 ta
008 221004b |||||||| |||| 00| 0 hin d
020 _a9788193295243 (hbk)
_cINR 150.00
024 _a42947
037 _bIN-2308, 14/03/2019, Kitab Ghar Prakashan
_cTextual
040 _aCRL
_cCRL
_bhin
041 _2hin
_ahin
082 _aO152,3M80x, Q7
100 _aप्रेमचंद, ले.
245 0 _aदस प्रतिनिधि कहानियां
246 _aDas pratinidhi kahāniyāan
260 _aनई दिल्ली
_bकिताबघर प्रकाशन भारत
_c2017
300 _a104पृ0
_ccm.
650 _a हिन्दी साहित्य
650 _aहिन्दी कहानी
942 _hO152,3M80x, Q7
_cTEXL
_2cc
999 _c1018631
_d1018631